History of pre-Buddhistic Indian philosophy / (Record no. 101533)

MARC details
000 -LEADER
fixed length control field 00587nam a22001817a 4500
005 - DATE AND TIME OF LATEST TRANSACTION
control field 20160803112039.0
010 ## - LCCN (DPL NO)
LC control number ENG-115560
020 ## - INTERNATIONAL STANDARD BOOK NUMBER
International Standard Book Number 9789384721008
Terms of availability 1000.00
035 ## - SYSTEM CONTROL NUMBER
System control number EN-99092
037 ## - SOURCE OF ACQUISITION
Source of stock number/acquisition DBAD/PUB
082 ## - DEWEY DECIMAL CLASSIFICATION NUMBER
Classification number 181.4
100 ## - MAIN ENTRY--PERSONAL NAME
Personal name Barua,Benimadhab
245 ## - TITLE STATEMENT
Title History of pre-Buddhistic Indian philosophy /
Statement of responsibility, etc edited by Orance Mahaldar [and] Debdip Dhibar
260 ## - PUBLICATION, DISTRIBUTION, ETC. (IMPRINT)
Place of publication, distribution, etc Kolkata
Name of publisher, distributor, etc Maha Bodhi Book Agency
Date of publication, distribution, etc 2016
270 ## - ADDRESS
Address 4A,Bankim Chaterjeee Street, College Square
City Kolkata
Postal code 700073
300 ## - PHYSICAL DESCRIPTION
Extent 448p.
Dimensions 22cm(Hb)
942 ## - ADDED ENTRY ELEMENTS (KOHA)
Source of classification or shelving scheme Dewey Decimal Classification
Item type English Books
Classification part 181.4
Call number suffix BEN
Holdings
Withdrawn status Lost status Not for loan Collection code Home library Current library Date acquired Source of acquisition Cost, normal purchase price Full call number Barcode Copy number Cost, replacement price Koha item type
    Not For Loan Non-fiction D.B.Act.Division Bawana 27/07/2016 DBAD/PUB 1000.00 181.4 BEN EN-99092 1 1000.00 English Books

© Delhi Public Library
Hit Counter
free hit counter